000 00365nam a2200133Ia 4500
008 151001s9999||||xx |||||||||||||| ||und||
100 _aवाणप्रस्थी प्राणनाथ
245 _aसदाचारी बच्चे
250 _a1
260 _bशिक्षा भारती
260 _c1980
300 _a48
365 _b18
999 _c961963
_d961960